| 000 | 00624nam a2200157Ia 4500 | ||
|---|---|---|---|
| 008 | 160316s1999 xxu||||| |||| 00| 0 eng d | ||
| 082 |
_a364.360000 _bJOS |
||
| 100 | _aJoshi Lata | ||
| 245 | _aNational Consultation Meet on the Juvenile Justice System and the Rights of the Child: Coordinating Child Rehabilation through NGOs / Remand Homes / Juvenile Welfare Boards - Concepts and Concerns | ||
| 250 | _a | ||
| 260 |
_aNew Delhi _bNational Institute of Public Cooperation and Child _c1999 |
||
| 300 |
_a6 _b _c |
||
| 365 | _b | ||
| 650 | _a1. Rights of the Child 2. Child Rehabilation 3. Juvenile Welfare | ||
| 700 |
_a _a |
||
| 999 |
_c34383 _d34383 |
||